Geography - R - Statistics

General Stats
  • This quiz has been taken 46 times
  • The average score is 9 of 15
Answer Stats
Hint Answer % Correct
Mountain range spanning much of North America. Rockies
98%
The capital city of Latvia. Riga
93%
African nation backing rebels against the D.R. Congo. Rwanda
91%
The last state to ratify the U.S. Constitution (in 1790). Rhode Island
88%
The capital city of North Carolina. Raleigh
81%
Sea connected to the Indian Ocean via the Gulf of Aden. Red Sea
81%
A fast-moving portion of a river. Rapids
67%
The river that runs through Albuquerque. Rio Grande
65%
A chain of mountains. Range
63%
Northeastern Brazilian city and a favorite for tourists. Recife
63%
A region in Western Germany. Rhineland
44%
Northern Italian city which served as the Western Roman Empire's capital. Ravenna
40%
Island chain northeast of Taiwan. Ryukyu
19%
Russian oblast which once contained the Khanate of Qasim. Ryazan
14%
Medieval region in Western India, characterized by states ruled by the Rajput caste. Rajputana
0%
No matching quizzes found
Score Distribution
Percent of People with Each Score
Percentile by Number Answered
Your Score History
You have not taken this quiz